India-Bangladesh relations : (Record no. 38184)
[ view plain ]
| 000 -LEADER | |
|---|---|
| fixed length control field | 01071nam a22002537a 4500 |
| 001 - CONTROL NUMBER | |
| control field | 38184 |
| 003 - CONTROL NUMBER IDENTIFIER | |
| rucl marc code | BD-RjUL |
| 005 - DATE AND TIME OF LATEST TRANSACTION | |
| control field | 20211209052739.0 |
| 008 - FIXED-LENGTH DATA ELEMENTS--GENERAL INFORMATION | |
| fixed length control field | 151004s2003 ii ||||| |||| 001 0 eng d |
| 020 ## - INTERNATIONAL STANDARD BOOK NUMBER | |
| International Standard Book Number | 8190162934 |
| 035 ## - SYSTEM CONTROL NUMBER | |
| System control number | (BD-RjUL)38289 |
| 040 ## - CATALOGING SOURCE | |
| Original cataloging agency | BD-RjUL |
| Language of cataloging | eng |
| Transcribing agency | BD-RjUL |
| 041 ## - LANGUAGE CODE | |
| Language code of text/sound track or separate title | eng |
| 082 ## - DEWEY DECIMAL CLASSIFICATION NUMBER | |
| Edition number | 23 |
| Classification number | 327.5405492 |
| Author mark and year | IND 2003 |
| 245 ## - TITLE STATEMENT | |
| Title | India-Bangladesh relations : |
| Remainder of title | documents 1971-2002 / |
| Statement of responsibility, etc. | Edited & Introduced by Avtar Singh Bhasin. |
| Number of part/section of a work | Vol.III. |
| Name of part/section of a work | Commerce, economic, and transport |
| 260 ## - PUBLICATION, DISTRIBUTION, ETC. (IMPRINT) | |
| Place of publication, distribution, etc. | New Delhi : |
| Name of publisher, distributor, etc. | Geetika Publishers, |
| Date of publication, distribution, etc. | c2003. |
| 300 ## - PHYSICAL DESCRIPTION | |
| Pagination | XXV, p. 1264-1886 ; |
| Size | 25 cm. |
| 500 ## - GENERAL NOTE | |
| General note | Includes index. |
| 505 ## - FORMATTED CONTENTS NOTE | |
| Formatted contents note | v. 1. Political -- v. 2. Sharing of river waters -- v. 3. Commerce, economic, and transport -- v. 4. India-Bangladesh border. Miscellaneous -- v. 5. Bangladesh refugees/illegal immigrants. Pre-Bangladesh documents |
| 651 ## - SUBJECT ADDED ENTRY--GEOGRAPHIC NAME | |
| Geographic name | India |
| General subdivision | Foreign relations |
| Geographic subdivision | Bangladesh |
| Form subdivision | Sources. |
| 9 (RLIN) | 118117 |
| Geographic name | Bangladesh |
| General subdivision | Foreign relations |
| Geographic subdivision | India |
| Form subdivision | Sources. |
| 9 (RLIN) | 118118 |
| 700 ## - ADDED ENTRY--PERSONAL NAME | |
| Personal name | Bhasin, Avtar Singh |
| 942 ## - ADDED ENTRY ELEMENTS (KOHA) | |
| Source of classification or shelving scheme | Dewey Decimal Classification |
| Koha item type | Books |
| Lost status | Source of classification or shelving scheme | Damaged status | Not for loan | Collection code | Permanent Location | Current Location | Shelving location | Date acquired | Source of acquisition | Cost, normal purchase price | Total Checkouts | Full call number | Date last seen | Copy number | Koha item type |
|---|---|---|---|---|---|---|---|---|---|---|---|---|---|---|---|
| Dewey Decimal Classification | Not For Loan | Non-fiction | Central Library, University of Rajshahi | Central Library, University of Rajshahi | Reading Room | 04/10/2015 | RUCL | 0.00 | 327.5405492 IND V-3 2003 | 04/10/2015 | C-1 | Books | |||
| Dewey Decimal Classification | Not For Loan | Non-fiction | Central Library, University of Rajshahi | Central Library, University of Rajshahi | Rare Book Section | 04/10/2015 | RUCL | 0.00 | RA 327.5405492 IND V-3 2003 | 04/10/2015 | C-2 | Books |